[Event "GER-chT U14"]
[Site "Magdeburg"]
[Date "2018.12.29"]
[Round "5.4"]
[White "Klaas, Heiko"]
[Black "Heutling, Elina"]
[Result "1-0"]
[WhiteElo "1718"]
[BlackElo "1742"]
[PlyCount "109"]
[EventDate "2018.12.27"]
[EventType "team-swiss"]
[EventRounds "7"]
[EventCountry "GER"]
[SourceTitle "CBM 188 Extra"]
[Source "ChessBase"]
[SourceDate "2019.02.28"]
[SourceVersion "1"]
[SourceVersionDate "2019.02.28"]
[SourceQuality "1"]
[WhiteTeam "Hamburger SK"]
[BlackTeam "Magdeburg Schachzwerge"]
[WhiteTeamCountry "GER"]
[BlackTeamCountry "GER"]

1. e4 e5 2. Nf3 Nc6 3. Bc4 Bc5 4. c3 Nf6 5. d4 exd4 6. e5 d5 7. Bb5 Ne4 8. cxd4 Bb6 9. Nc3 0-0 10. 0-0 Bg4 11. Bxc6 bxc6 12. Be3 f6 13. Nxe4 dxe4 14. Qb3+ Kh8 15. Nd2 Bxd4 16. exf6 Qxf6 17. Nxe4 Qe5 18. Bxd4 Qxd4 19. Ng5 Qf6 20. Ne4 Qe5 21. Qc2 Bf5 22. Rfe1 Rab8 23. b3 Rb4 24. f3 Bxe4 25. fxe4 Qd4+ 26. Kh1 Qe5 27. Rad1 h6 28. Qxc6 Rf4 29. Qg6 Rd4 30. Rxd4 Qxd4 31. e5 Qf2 32. Qb1 Rg4 33. Rg1 Qe2 34. Qf5 Re4 35. Qc8+ Kh7 36. Qxc7 Qxa2 37. Qd7 Rxe5 38. Qd3+ Kg8 39. Rc1 Qe2 40. Qd4 Rf5 41. Qxa7 Rf2 42. h3 Kh7 43. Qb7 Qe3 44. Rb1 Qd3 45. Re1 Rb2 46. b4 Qd2 47. Qe4+ Kh8 48. Ra1 Ra2 49. Rxa2 Qxa2 50. b5 Qa1+ 51. Kh2 Qf6 52. Qa8+ Kh7 53. Qb8 h5 54. b6 h4 55. Qc7 1-0

[Event "Blankenese op 1st"]
[Site "Hamburg"]
[Date "2017.10.03"]
[Round "7.23"]
[White "Klaas, Heiko"]
[Black "Kurzynsky, Mirko"]
[Result "0-1"]
[WhiteElo "1634"]
[BlackElo "1938"]
[PlyCount "88"]
[EventDate "2017.09.30"]
[EventType "swiss"]
[EventRounds "7"]
[EventCountry "GER"]
[SourceTitle "EXT 2020"]
[Source "ChessBase"]
[SourceDate "2019.10.17"]
[SourceVersion "1"]
[SourceVersionDate "2019.10.17"]
[SourceQuality "1"]

1. e4 c5 2. Nf3 Nc6 3. d4 cxd4 4. Nxd4 g6 5. Nc3 Bg7 6. Be3 Nf6 7. Nb3 d6 8. f4 Ng4 9. Bg1 0-0 10. h3 Nf6 11. g4 e5 12. f5 d5 13. Bc5 Nxe4 14. Nxe4 dxe4 15. Bxf8 Qh4+ 16. Ke2 Bxf8 17. Qe1 Qf6 18. Bg2 gxf5 19. gxf5 Bxf5 20. Qg3+ Qg6 21. Qxg6+ Bxg6 22. h4 f5 23. h5 Bf7 24. c3 Bc4+ 25. Ke3 Kf7 26. h6 Ke6 27. Rad1 Rd8 28. Rxd8 Nxd8 29. Bf1 Bxf1 30. Rxf1 Bxh6+ 31. Ke2 Bf8 32. Rg1 b6 33. a3 f4 34. Nd2 f3+ 35. Kf1 Kf5 36. Rg8 Ne6 37. b4 Kf4 38. Nc4 e3 39. Rh8 h6 40. Rh7 Bg7 41. Nd6 e2+ 42. Kf2 e4 43. Ne8 e3+ 44. Ke1 Bxc3# 0-1

[Event "Hamburg CC Easter op 3rd"]
[Site "Hamburg"]
[Date "2017.04.16"]
[Round "5"]
[White "Bellon, Antonio"]
[Black "Klaas, Heiko"]
[Result "1-0"]
[WhiteElo "1674"]
[BlackElo "1573"]
[PlyCount "95"]
[EventDate "2017.04.14"]
[EventType "swiss"]
[EventRounds "7"]
[EventCountry "GER"]
[SourceTitle "EXT 2020"]
[Source "ChessBase"]
[SourceDate "2019.10.17"]
[SourceVersion "1"]
[SourceVersionDate "2019.10.17"]
[SourceQuality "1"]

1. e4 e5 2. Nf3 Nc6 3. Bc4 Bc5 4. c3 Nf6 5. Nxe5 Nxe5 6. d4 Nxc4 7. dxc5 d6 8. Qa4+ Bd7 9. Qxc4 0-0 10. 0-0 a6 11. Re1 Re8 12. cxd6 cxd6 13. Bg5 h6 14. Bh4 Rc8 15. Qd4 Re6 16. Nd2 Qe8 17. f3 Bc6 18. Rad1 b5 19. Nf1 Rc7 20. Bxf6 Rxf6 21. Ne3 Re6 22. Nf5 Qf8 23. Qb6 Rc8 24. Nd4 Rg6 25. Nxc6 d5 26. exd5 Kh8 27. Qe3 Rd6 28. b3 Kh7 29. c4 Rd7 30. c5 Rcc7 31. Ne5 Rd8 32. d6 Rcc8 33. Qd3+ Kg8 34. c6 Ra8 35. c7 Re8 36. d7 Qc5+ 37. Kh1 Qxc7 38. dxe8Q+ Rxe8 39. f4 Qc5 40. Qd7 Re7 41. Qd3 Re8 42. Rc1 Qb4 43. Re4 Qa3 44. Qd2 Qe7 45. Rce1 Qb7 46. Qd7 Qxd7 47. Nxd7 Rc8 48. Re8+ 1-0

[Event "GER-chT U12"]
[Site "Magdeburg"]
[Date "2016.12.29"]
[Round "6.3"]
[White "Franz, Theodor Franz"]
[Black "Klaas, Heiko"]
[Result "1-0"]
[WhiteElo "1303"]
[BlackElo "1594"]
[PlyCount "95"]
[EventDate "2016.12.27"]
[EventType "team-swiss"]
[EventRounds "7"]
[EventCountry "GER"]
[SourceTitle "EXT 2018"]
[Source "ChessBase"]
[SourceDate "2017.10.13"]
[SourceVersion "1"]
[SourceVersionDate "2017.10.13"]
[SourceQuality "1"]
[WhiteTeam "Berlin Schachpinguine"]
[BlackTeam "Hamburger SK"]
[WhiteTeamCountry "GER"]
[BlackTeamCountry "GER"]

1. e4 e5 2. Nf3 Nc6 3. Bc4 Bc5 4. 0-0 Nf6 5. d4 exd4 6. e5 d5 7. exf6 dxc4 8. Re1+ Be6 9. Ng5 Qxf6 10. Nxe6 fxe6 11. Qh5+ Qf7 12. Qxc5 Rf8 13. f3 0-0-0 14. Qxc4 Rd5 15. Nd2 Qg6 16. b4 d3 17. cxd3 Ne5 18. Qe4 Nxd3 19. Qxg6 hxg6 20. Re2 Rfd8 21. Nb3 Nxb4 22. Rxe6 a5 23. a4 Rd3 24. Rb1 b6 25. Rxg6 Re8 26. Bg5 Nd5 27. Rxg7 Nc3 28. Rc1 Ne2+ 29. Kf2 Nxc1 30. Nxc1 Rd4 31. h4 Rxa4 32. h5 Rh8 33. g4 Rc4 34. Be3 a4 35. h6 a3 36. h7 Kb7 37. g5 Rc2+ 38. Kg3 a2 39. Nxa2 Rxa2 40. g6 Raa8 41. Bf4 Rac8 42. Be5 Rhe8 43. f4 b5 44. Rd7 Kc6 45. Rxc7+ Rxc7 46. Bxc7 Kxc7 47. g7 b4 48. g8Q 1-0